| 000 -CABECERA |
| Campo de control de longitud fija |
00798nam a22001817a 4500 |
| 005 - FECHA Y HORA DE LA ÚLTIMA TRANSACCIÓN |
| Campo de control |
20211116111905.0 |
| 008 - CAMPO FIJO DE DESCRIPCIÓN FIJA--INFORMACIÓN GENERAL |
| Campo de control de longitud fija |
211104b ||||| |||| 00| 0 eng d |
| 040 ## - FUENTE DE CATALOGACIÓN |
| Agencia de catalogación original |
CDMR |
| 110 ## - ENCABEZAMIENTO PRINCIPAL--NOMBRE CORPORATIVO |
| 9 (RLIN) |
4689 |
| Nombre corporativo o de jurisdicción como elemento de entrada |
Federación de Entidades con Proyectos y Pisos Asistidos |
| 245 ## - MENCIÓN DE TÍTULO |
| Título |
El tratamiento informativo de la juventud extutelada / |
| Mención de responsabilidad, etc. |
Federación de Entidades con Proyectos y Pisos Asistidos (FEPA) |
| 260 ## - PUBLICACIÓN, DISTRIBUCIÓN, ETC (PIE DE IMPRENTA) |
| Lugar de publicación, distribución, etc. |
[Barcelona] : |
| Nombre del editor, distribuidor, etc. |
FEPA, |
| Fecha de publicación, distribución, etc. |
2021 |
| 300 ## - DESCRIPCIÓN FÍSICA |
| Extensión |
11 pàgines ; |
| Dimensiones |
30 cm |
| 650 #0 - ASIENTO SECUNDARIO DE MATERIA--TÉRMINO DE MATERIA |
| 9 (RLIN) |
983 |
| Nombre de materia o nombre geográfico como elemento de entrada |
Ètica periodística |
| Subdivisión de forma |
Manuals d'estil |
| 650 #0 - ASIENTO SECUNDARIO DE MATERIA--TÉRMINO DE MATERIA |
| 9 (RLIN) |
3772 |
| Nombre de materia o nombre geográfico como elemento de entrada |
Periodisme--Manuals d'estil |
| 650 #0 - ASIENTO SECUNDARIO DE MATERIA--TÉRMINO DE MATERIA |
| 9 (RLIN) |
4694 |
| Nombre de materia o nombre geográfico como elemento de entrada |
Joves extutelats |
| Subdivisión general |
Cobertura periodística |
| 856 ## - ACCESO ELECTRÓNICO |
| Texto del enlace |
També disponible en línia |
| Nota Pública |
(Accés lliure) |
| Identificador uniforme del recurso URI |
<a href="https://www.fepa18.org/es/el-tratamiento-informativo-de-la-juventud-extutelada/">https://www.fepa18.org/es/el-tratamiento-informativo-de-la-juventud-extutelada/</a> |
| 942 ## - ELEMENTOS KOHA |
| Fuente de clasificación o esquema de ordenación en estanterías |
|
| Koha tipo de item |
Fullets |